<?xml version="1.0" encoding="UTF-8"?>
<record
    xmlns:xsi="http://www.w3.org/2001/XMLSchema-instance"
    xsi:schemaLocation="http://www.loc.gov/MARC21/slim http://www.loc.gov/standards/marcxml/schema/MARC21slim.xsd"
    xmlns="http://www.loc.gov/MARC21/slim">

  <leader>03234cam a2200337I  4500</leader>
  <datafield tag="999" ind1=" " ind2=" ">
    <subfield code="c">3754</subfield>
    <subfield code="d">3754</subfield>
  </datafield>
  <controlfield tag="001">1320778</controlfield>
  <controlfield tag="003">OCoLC</controlfield>
  <controlfield tag="005">20181122150316.0</controlfield>
  <controlfield tag="008">750509s1974    ilu           000 0 eng d</controlfield>
  <datafield tag="020" ind1=" " ind2=" ">
    <subfield code="a">0802443907</subfield>
  </datafield>
  <datafield tag="020" ind1=" " ind2=" ">
    <subfield code="a">9780802443908</subfield>
  </datafield>
  <datafield tag="035" ind1=" " ind2=" ">
    <subfield code="a">(OCoLC)1320778</subfield>
    <subfield code="z">(OCoLC)796948137</subfield>
  </datafield>
  <datafield tag="040" ind1=" " ind2=" ">
    <subfield code="a">SOI</subfield>
    <subfield code="b">eng</subfield>
    <subfield code="c">SOI</subfield>
    <subfield code="d">OCL</subfield>
    <subfield code="d">OCLCG</subfield>
    <subfield code="d">ZWZ</subfield>
    <subfield code="d">OCLCQ</subfield>
    <subfield code="d">OCLCO</subfield>
    <subfield code="d">OCLCF</subfield>
    <subfield code="d">MXL</subfield>
    <subfield code="d">CIRBC</subfield>
  </datafield>
  <datafield tag="050" ind1=" " ind2="4">
    <subfield code="a">BX8495.W5</subfield>
    <subfield code="b">A2 1974</subfield>
  </datafield>
  <datafield tag="082" ind1="0" ind2="4">
    <subfield code="a">287.1</subfield>
    <subfield code="b">W513B8</subfield>
    <subfield code="2">W513J</subfield>
  </datafield>
  <datafield tag="092" ind1="0" ind2=" ">
    <subfield code="a">287.092</subfield>
    <subfield code="b">W513jr</subfield>
  </datafield>
  <datafield tag="100" ind1="1" ind2=" ">
    <subfield code="a">Wesley, John,</subfield>
    <subfield code="d">1703-1791.</subfield>
  </datafield>
  <datafield tag="245" ind1="1" ind2="4">
    <subfield code="a">The journal of John Wesley /</subfield>
    <subfield code="c">with an introduction by Hugh Price Hughes ; appreciation of the journal by Augustine Birrell ; edited by Percy Livingstone Parker.</subfield>
  </datafield>
  <datafield tag="260" ind1=" " ind2=" ">
    <subfield code="a">Chicago :</subfield>
    <subfield code="b">Moody Press,</subfield>
    <subfield code="c">[1974]</subfield>
  </datafield>
  <datafield tag="300" ind1=" " ind2=" ">
    <subfield code="a">419 pages ;</subfield>
    <subfield code="c">21 cm.</subfield>
  </datafield>
  <datafield tag="336" ind1=" " ind2=" ">
    <subfield code="a">text</subfield>
    <subfield code="b">txt</subfield>
    <subfield code="2">rdacontent</subfield>
  </datafield>
  <datafield tag="337" ind1=" " ind2=" ">
    <subfield code="a">unmediated</subfield>
    <subfield code="b">n</subfield>
    <subfield code="2">rdamedia</subfield>
  </datafield>
  <datafield tag="338" ind1=" " ind2=" ">
    <subfield code="a">volume</subfield>
    <subfield code="b">nc</subfield>
    <subfield code="2">rdacarrier</subfield>
  </datafield>
  <datafield tag="500" ind1=" " ind2=" ">
    <subfield code="a">Abridged edition.</subfield>
  </datafield>
  <datafield tag="505" ind1="0" ind2=" ">
    <subfield code="a">1. Wesley as a missionary to Georgia -- 2. Troubles in Georgia; return to England; Peter B&#xF6;hler; "I felt my heart strangely warmed" -- 3. Field-preaching; "all the world my parish"; Whitefield; Wales; Experience with demons -- 4. Preaching incidents; Wesley's labor colony; dispute with Whitefield; curious interpretations; the mother of the Wesleys -- 5. Wesley refused sacrament at Epworth; Cornwall and the Scilly Isles; natural amphitheater and Gwennap; Wesley in danger -- 6. First Methodist conference; press gangs and mobs; Wesley's protest against ungodliness -- 7. Severe weather; Ireland; Wesley's protest against lawlessness -- 8. Wesley and the soldiers; in Ireland and Wales again; Wesley's protest against ungodliness -- 9. Wesley's marriage; dealings with Cornwall smugglers; his illness and recovery -- 10. Retirement in Paddington; Wesley slandered; premonitions; a dream -- 11. "I do indeed live by preaching"; Wesley's advice to travelers; trances; Wesley and the French prisoners -- 12. Wesley's letter to an editor; impositions and declaration; the speaking statue; Wesley's Pentecost -- 13. Wesley in Scotland again; Methodist wealth; "no law for Methodists"; exhausting days; Whitefield -- 14. Justice for Methodists; Methodist character; instructions to parents; Wesley's opinion of Mary queen of Scots -- 15. Wesley opens a new church; comments on Rousseau; geology, Swedenborg, and riding horseback; Grennap and 20,000 people; death of Whitefield -- 16. Windsor park; Wesley as art critic; Glasgow and Perth; at seventy, Wesley preaches to 30,000 people -- 17. Wesley arrested; a terrible ride; a Methodist Isaac Newton; Wesley and the American war -- 18. On the Isle of Man; city road chapel; Wesley visits Lord George Gordon -- 19. An ideal circuit; Wesley in his eighties; Wesley visits Holland; incidents in Scotland -- 20. Wesley collects money for the poor; visits the House of Lords; his reasons for his long life; "how is the tide turned!"; last entries.</subfield>
  </datafield>
  <datafield tag="600" ind1="1" ind2="0">
    <subfield code="a">Wesley, John,</subfield>
    <subfield code="d">1703-1791.</subfield>
  </datafield>
  <datafield tag="655" ind1=" " ind2="7">
    <subfield code="a">Diaries.</subfield>
    <subfield code="2">fast</subfield>
    <subfield code="0">(OCoLC)fst01423794</subfield>
  </datafield>
  <datafield tag="700" ind1="1" ind2=" ">
    <subfield code="a">Parker, Percy Livingstone,</subfield>
    <subfield code="d">1867-1925,</subfield>
    <subfield code="e">editor.</subfield>
  </datafield>
  <datafield tag="776" ind1="0" ind2="8">
    <subfield code="i">Online version:</subfield>
    <subfield code="a">Wesley, John, 1703-1791.</subfield>
    <subfield code="t">Journal of John Wesley.</subfield>
    <subfield code="d">Chicago, Moody Press [1974]</subfield>
    <subfield code="w">(OCoLC)647130910</subfield>
  </datafield>
  <datafield tag="942" ind1=" " ind2=" ">
    <subfield code="2">ddc</subfield>
    <subfield code="c">BK</subfield>
  </datafield>
  <datafield tag="952" ind1=" " ind2=" ">
    <subfield code="0">0</subfield>
    <subfield code="1">0</subfield>
    <subfield code="2">ddc</subfield>
    <subfield code="4">0</subfield>
    <subfield code="7">1</subfield>
    <subfield code="8">NFIC</subfield>
    <subfield code="a">HMC</subfield>
    <subfield code="b">HMC</subfield>
    <subfield code="c">GEN</subfield>
    <subfield code="d">2018-11-22</subfield>
    <subfield code="g">120.00</subfield>
    <subfield code="l">0</subfield>
    <subfield code="o">287.1 W513B8</subfield>
    <subfield code="p">004405</subfield>
    <subfield code="r">2018-11-22 00:00:00</subfield>
    <subfield code="w">2018-11-22</subfield>
    <subfield code="y">BK</subfield>
  </datafield>
</record>
